000 00518nam a2200181Ia 4500
001 425
005 20260306140517.0
008 260306t1981||||xx |||||||||||||| ||spa||
041 _aESP
082 _a111.85
_bS63
100 _aSobrevilla, David
_eAUT
245 0 _aLa estética de la antigüedad :
_bestudios sobre lo bello y el arte del pensamiento de Platón, Aristotéles, Cicerón y Plotino
260 _c1981
300 _a122 páginas :
_c21 cm.
650 _aGEN
654 _aCHU
942 _cLIB
_dJUS
_fJUS
_2ddc
_n
999 _c425
_d425